Statistiques concernant Drapeaux en formes des Provinces du Canada

Cliquez ici pour prendre le quiz!

Statistiques générales

  • Ce quiz a été pris 247 fois
  • Le résultat moyen est 8 sur 13

Statistiques - réponses

Réponse% Correct
Québec
91%
Saskatchewan
63%
Ontario
62%
Alberta
61%
Colombie-Britannique
60%
Nunavut
60%
Manitoba
58%
Île-du-Prince-Édouard
54%
Nouvelle-Écosse
52%
Terre-Neuve-et-Labrador
52%
Territoires du Nord-Ouest
51%
Nouveau-Brunswick
46%
Yukon
46%

Distribution des résultats

Percentile par nombre de réponses

% des personnes avec chaque résultat

Votre développement - résultats

Vous n’avez pas pris ce quiz